Georgia : (Record no. 547)

000 -LEADER
fixed length control field 01101nam a22003137a 4500
001 - CONTROL NUMBER
control field 639746
003 - CONTROL NUMBER IDENTIFIER
control field OSt
005 - DATE AND TIME OF LATEST TRANSACTION
control field 20210420074714.0
008 - FIXED-LENGTH DATA ELEMENTS--GENERAL INFORMATION
fixed length control field 930301s1992 enka 000 0deng
010 ## - LIBRARY OF CONGRESS CONTROL NUMBER
LC control number 93120848
020 ## - INTERNATIONAL STANDARD BOOK NUMBER
International Standard Book Number 0304340782
040 ## - CATALOGING SOURCE
Original cataloging agency eng
Transcribing agency DLC
Modifying agency eng
041 ## - LANGUAGE CODE
Language code of text/sound track or separate title eng
043 ## - GEOGRAPHIC AREA CODE
Geographic area code e-ur-gs
050 00 - LIBRARY OF CONGRESS CALL NUMBER
Classification number DK672.9
Item number .N37 1992
080 ## - UNIVERSAL DECIMAL CLASSIFICATION NUMBER
Universal Decimal Classification number 94 (479.22)
Item number N-24
082 00 - DEWEY DECIMAL CLASSIFICATION NUMBER
Classification number 914.7/9504854
Edition number 20
100 1# - MAIN ENTRY--PERSONAL NAME
Personal name Nasmyth, Peter.
245 10 - TITLE STATEMENT
Title Georgia :
Remainder of title a rebel in the Caucasus /
Statement of responsibility, etc. Peter Nasmyth ; illustrations by Tamara Alavidze.
260 ## - PUBLICATION, DISTRIBUTION, ETC.
Place of publication, distribution, etc. London :
Name of publisher, distributor, etc. Cassell ;
Place of publication, distribution, etc. New York, NY :
Name of publisher, distributor, etc. Distributed in the U.S. by Sterling Pub. Co.,
Date of publication, distribution, etc. 1992.
300 ## - PHYSICAL DESCRIPTION
Extent 222 p. :
Other physical details ill. ;
Dimensions 24 cm.
600 10 - SUBJECT ADDED ENTRY--PERSONAL NAME
Personal name Nasmyth, Peter
General subdivision Travel
Geographic subdivision Georgia (Republic)
650 #0 - SUBJECT ADDED ENTRY--TOPICAL TERM
9 (RLIN) 240
Topical term or geographic name entry element History of Georgia
651 #0 - SUBJECT ADDED ENTRY--GEOGRAPHIC NAME
Geographic name Georgia (Republic)
General subdivision Description and travel.
653 ## - INDEX TERM--UNCONTROLLED
Uncontrolled term საქართველოს ისტორია
906 ## - LOCAL DATA ELEMENT F, LDF (RLIN)
a 7
b cbc
c orignew
d 2
e ncip
f 19
g y-gencatlg
942 ## - ADDED ENTRY ELEMENTS (KOHA)
Source of classification or shelving scheme
Koha item type Books
Holdings
Withdrawn status Lost status Source of classification or shelving scheme Damaged status Not for loan Permanent location Current location Date acquired Inventory number Total Checkouts Full call number Barcode Date last seen Price effective from Koha item type
          Ken Walker International University Ken Walker International University 12/02/2020 444   94 (479.22) N-24 444 12/02/2020 12/02/2020 Books

Powered by Koha